Science Quiz

Random Science or Popular Quiz

YouTube channels Quiz Stats

 Plays Quiz not verified by Sporcle

Challenge
Share
Tweet
Embed
Score 0/12 Timer 05:00
0 Plays Today
Youtube channel % Correct
Ryan Higanigahiga
82.1%
Anthony and Iansmosh
82.1%
JustineiJustine
67.9%
Lucas CruikshankFred
62.5%
Shane Dawsonshanedawsontv
60.7%
Rayraywilliamjohnson
57.1%
Shayshaycarl
39.3%
KassemKassemG
35.7%
DaveDavedays
28.6%
The Key of AwesomeBarelypolitical
19.6%
Joemysteryguitarman
17.9%
Gregory brothersschmoyoho
16.1%

You're not logged in!

Compare scores with friends on all Sporcle quizzes.
Join for Free
OR
Log In

You Might Also Like...

Show Comments

Extras

Created Dec 8, 2010ReportNominate
Tags:Popular Quiz, channel, youtube

Top Quizzes Today


Score Distribution

Your Account Isn't Verified!

In order to create a playlist on Sporcle, you need to verify the email address you used during registration. Go to your Sporcle Settings to finish the process.

Report this User

Report this user for behavior that violates our Community Guidelines.

Details: